| Record ID | ia:introductiontoth0000hein |
| Source | Internet Archive |
| Download MARC XML | https://archive.org/download/introductiontoth0000hein/introductiontoth0000hein_marc.xml |
| Download MARC binary | https://www.archive.org/download/introductiontoth0000hein/introductiontoth0000hein_meta.mrc |
LEADER: 01093cam a22002778a 4500
001 2012019993
003 DLC
005 20120912082816.0
008 120518s2012 nyu b 001 0 eng
010 $a 2012019993
020 $a9781583672884 (pbk. : alk. paper)
020 $a9781583672891 (cloth : alk. paper)
040 $aDLC$cDLC$dDLC
041 1 $aeng$hger
042 $apcc
050 00 $aHB501.M37$bH4513 2012
082 00 $a335.4/1$223
100 1 $aHeinrich, Michael,$d1957-
240 10 $aKritik der politischen Ökonomie.$lEnglish
245 13 $aAn introduction to the three volumes of Karl Marx's Capital /$cby Michael Heinrich ; translated by Alexander Locascio.
260 $aNew York :$bMonthly Review Press,$cc2012.
300 $a240 p. ;$c22 cm.
500 $a"Originally published as Kritik der politischen Ökonomie: Eine Einführung by Schmetterling Verlag GmbH, Stuttgart, Germany, c2004, by Schmetterling Verlag GmbH."
504 $aIncludes bibliographical references (p. [225]- 228 and index.
600 10 $aMarx, Karl,$d1818-1883.$tKapital.
650 0 $aMarxian economics.